Central Library OPAC University of Rajshahi

Rise of Muslims in Indian politics : (Record no. 25972)

MARC details
000 -LEADER
fixed length control field 00920cam a2200277 4500
001 - CONTROL NUMBER
control field 25972
003 - CONTROL NUMBER IDENTIFIER
rucl marc code BD-RjUL
005 - DATE AND TIME OF LATEST TRANSACTION
control field 20211209050943.0
008 - FIXED-LENGTH DATA ELEMENTS--GENERAL INFORMATION
fixed length control field 140319s1971 ii b 001 0 eng
035 ## - SYSTEM CONTROL NUMBER
System control number (BD-RjUL)26042
040 ## - CATALOGING SOURCE
Original cataloging agency DLC
Transcribing agency DLC
Modifying agency BD-RjUL
Language of cataloging eng
041 ## - LANGUAGE CODE
Language code of text/sound track or separate title eng
082 00 - DEWEY DECIMAL CLASSIFICATION NUMBER
Classification number 320.954
Author mark and year ZAR 1971
100 1# - MAIN ENTRY--PERSONAL NAME
Personal name Zakaria, Rafiq,
Dates associated with a name 1920-
9 (RLIN) 79066
245 10 - TITLE STATEMENT
Title Rise of Muslims in Indian politics :
Remainder of title an analysis of developments from 1885 to 1906 /
Statement of responsibility, etc. With a foreword by Y. B. Chavan.
260 ## - PUBLICATION, DISTRIBUTION, ETC. (IMPRINT)
Place of publication, distribution, etc. Bombay :
Name of publisher, distributor, etc. Somaiya Publications,
Date of publication, distribution, etc. 1971.
300 ## - PHYSICAL DESCRIPTION
Pagination xvi, 427 p. ;
Size 23 cm.
500 ## - GENERAL NOTE
General note A revision of the author's thesis, London University, 1948.
504 ## - BIBLIOGRAPHY, ETC. NOTE
Bibliography, etc Bibliography: p. 397-412.
Bibliography, etc Includes index.
650 #0 - SUBJECT ADDED ENTRY--TOPICAL TERM
Topical term or geographic name as entry element Muslims
Geographic subdivision India
General subdivision History.
9 (RLIN) 77582
651 #0 - SUBJECT ADDED ENTRY--GEOGRAPHIC NAME
Geographic name India
General subdivision Politics and government
Chronological subdivision 1857-1919.
9 (RLIN) 6299
942 ## - ADDED ENTRY ELEMENTS (KOHA)
Source of classification or shelving scheme Dewey Decimal Classification
Koha item type Books
Holdings
Lost status Source of classification or shelving scheme Damaged status Not for loan Collection code Permanent Location Current Location Shelving location Date acquired Source of acquisition Total Checkouts Full call number Date last seen Copy number Koha item type
  Dewey Decimal Classification   Added to bundle Non-fiction Central Library, University of Rajshahi Central Library, University of Rajshahi Reading Room 25/06/1974 India Govt.   320.954 ZAR 1971 19/03/2014 C-1 Books